[Event "San Salvador zt 2.3"]
[Site "San Salvador"]
[Date "2017.05.31"]
[Round "9"]
[White "Merino, Maximiliano"]
[Black "Acosta, Vladimiro"]
[Result "1-0"]
[WhiteElo "2055"]
[BlackElo "1278"]
[PlyCount "71"]
[EventDate "2017.05.26"]
[EventType "swiss"]
[EventRounds "9"]
[EventCountry "ESA"]
[SourceTitle "CBM 178 Extra"]
[Source "ChessBase"]
[SourceDate "2017.06.22"]
[SourceVersion "1"]
[SourceVersionDate "2017.06.22"]
[SourceQuality "1"]

1. e4 e5 2. Nf3 Nc6 3. d4 exd4 4. Bc4 h6 5. c3 dxc3 6. Nxc3 Bc5 7. Bxf7+ Kf8 8. Bc4 d6 9. e5 Qe7 10. Nd5 Bb4+ 11. Bd2 Bxd2+ 12. Qxd2 Qd7 13. exd6 Qe6+ 14. Ne3 Qxd6 15. Qc3 Nf6 16. Rd1 Ne4 17. Rxd6 Nxc3 18. Rxc6 bxc6 19. bxc3 g6 20. Ne5 Kg7 21. Nxc6 Bb7 22. Nd4 Rhe8 23. 0-0 c5 24. Ne6+ Kh7 25. Nc7 Rac8 26. Nxe8 Rxe8 27. Nd5 Re5 28. Ne3 h5 29. Rd1 Kh6 30. h4 a5 31. g4 Bf3 32. g5+ Kg7 33. Rd7+ Kf8 34. Rf7+ Kg8 35. Re7+ Kf8 36. Rxe5 1-0